000 01350nam a2200265Ia 4500
999 _c53844
_d53844
001 20895
003 GE_BSU
005 20200525145010.0
008 181216s2015 xx |||||||||||||| ||geo||
020 _a9789941936296
040 _cGE_BSU
041 _ageo
080 _a347.23(479.22) ქ-70
100 _aქოჩაშვილი, ქეთევან.
_98194
245 _aმფლობელობა და საკუთრება - ფაქტი და უფლება სამოქალაქო სამართალში:თანდართული ტექსტებით :
_b[მონოგრაფია] /
_cქეთევან ქოჩაშვილი ; რედ. ლადო ჭანტურია.
250 _aმე-2 გადამუშავებული გამოცემა.
264 _aთბილისი :
_bბონა კაუზა,
_c2015.
300 _a360 გვ;
_c20 სმ.
504 _aბიბლიოგრ.: გვ. 267-293 და ტექსტის შენიშვნებში.
541 _h15ლ.50თ.
653 _aსაკუთრების სამართალი.
653 _aსამართალი
700 _a ჭანტურია, ლადო
_eრედაქტორი
_98195
942 _cBK
_2udc